| 000 | 00513nam a22001691i 4500 | ||
|---|---|---|---|
| 001 | 14924 | ||
| 090 | _a14924 | ||
| 100 | _a20170304u u u0frey50 ba | ||
| 101 | 0 | _apor | |
| 200 | 1 |
_fM. R. Kopmeyer _aO Poder do Pensamento Positivo |
|
| 215 |
_a391p _d21cm |
||
| 300 | _aOferta de Margarida Rocha | ||
| 700 | 1 |
_aKopmeyer _bM. R. _4070 |
|
| 702 | 1 |
_aTeixeira _bTeresa _4730 |
|
| 210 |
_cBrasilia _aPorto _d1986 |
||
| 996 |
_f0018055 _kKOP _m00000000 _n00000000 _aBMVA _b1 _vViana do Alentejo _xPsicologia _y25 _eLivro _10 _31 |
||
| 990 | _cLIVROS | ||